01473cam a2200289 a 450000100060000000300080000600500170001400800410003102000180007202000150009003500170010504000270012204100080014908200220015724500940017926001410027330000470041450400410046152003600050265000330086265000410089565000350093670000210097171000890099271000360108171000660111774386BD-RjUL20211209082538.0080628s2008 ii ab b 100 0 eng  a9788170355571 a8170355575 aBD-RjUL74604 aDLCcDLCbengdBD-RjUL aeng 223a577bCOA 200800aCoastal ecosystems :bhazards, management, and rehabilitation /ceditor, Rattan K. Datta. aDelhi :bCentre for Science & Technology of the Non-Aligned and Other Developing Countries (NAM S & T Centre) :bDaya Pub. House,c2008. a363 p. :bill. (some col.), maps ;c24 cm. aIncludes bibliographical references. aTranscript of papers presented during an international workshop-cum-training programme organized at Purwokerto, Indonesia during August 2006 by the Centre for Science & Technology of the Non-Aligned and Other Developing Countries in collaboration with the Centre for Tropical Marine Ecology, Bremen, Germany and Jenderal Soedirman University of Indonesia. 0aCoastal ecologyvCongresses. 0aCoastal zone managementvCongresses. 0aHazard mitigationvCongresses.1 aDatta, Rattan K.2 aCentre for Science and Technology of the Non-Aligned and Other Developing Countries.2 aUniversitas Jenderal Soedirman.2 aUniversität Bremen.bZentrum für Marine Tropenökologie.